• 首页
  • 本馆介绍
  • 公告通知
  • 最新文献
  • 馆藏检索
  • 电子资源
  • 读者导购
  • 参考咨询
  • 我的图书馆
  • 登录
  • 详细信息显示
  • 放入我的书架
  • 预约/预借图书
  • 作者相关作品
  • 分类相关作品
  • 丛书相关作品
  • 出版社相关作品

书目信息

  • 表格格式
  • 工作单格式
  • 卡片格式
题名:
易经
    
 
作者: 古敏 主编
分册:  
出版信息: 北京   北京燕山出版社  
页数:
开本:
丛书名: 中国古典文荟萃
单 册:
中图分类: B221.1
科图分类:
主题词: 先秦哲学
电子资源:
ISBN: 7-5402-1418-X
000 00564nam0 2200205 450
001 2256249875
005 20220831153854.70
010    @a7-5402-1418-X@dCNY10.00
100    @a20220831d km y0chiy0120 ea
101 0  @achi
102    @aCN@b110000
200 1  @a易经@AYi Jing@f古敏主编@FGu Min Zhu Bian
210    @a北京@c北京燕山出版社
225 2  @a中国古典文荟萃
410  0 @12001 @a中国古典文荟萃
606 0  @a先秦哲学
690    @aB221.1@v4
701  0 @a古敏@AGu Min@4主编
801  0 @aCN@b大连网信软件有限公司图书馆·11@c20220831
905    @aZUCC@dB221.1@e1028
    
    易经/古敏主编.-北京:北京燕山出版社
    (中国古典文荟萃)
    
    
    ISBN 7-5402-1418-X:CNY10.00
    
●
相关链接 在E读中查询图书 在五车中查询图书 在当当中查询图书 在豆瓣中查询图书


正题名:易经     索取号:B221.1/1028         预约/预借

序号 登录号 条形码 馆藏地/架位号 状态 备注
1 1055538   210555380   第一样本阅览室/ [索取号:B221.1/1028] 在馆    
唐山师范学院图书馆 欢迎您!
大连网信软件有限公司© 版权所有